000 01467nam a2200421 i 4500
001 44209
003 KOSZ 005
005 20200814090918.0
008 031031s2003 pl a f |000 0 pol
015 _aPB 2003/19909
020 _a8370857248
040 _aWA N
_cWA N
_dKOSZ 005/HR
041 0 _apol
_beng
046 _k2003
080 _a532
080 _a519.86
100 1 _aFydrych, Jarosław
_eAutor
245 1 0 _aPulsujące przepływy cieczy przez przewód z nagłym rozszerzeniem /
_cJarosław Fydrych, Krystyna Jeżowiecka-Kabsch, Henryk Szewczyk.
260 _aWrocław :
_bOficyna Wydawnicza Politechniki Wrocławskiej,
_c2003.
300 _a104, [1] s. :
_bil. ;
_c24 cm.
336 _2rdacontent
_aTekst
_btxt
337 _2rdamedia
_aBez urządzenia pośredniczącego
_bn
338 _2rdacarrier
_aWolumin
_bnc
380 _aKsiążki
380 _aPublikacje naukowe
388 _a2001-
504 _aBibliogr.
546 _aStreszcz. ang.
650 4 _aLepkość
650 4 _aModele matematyczne
650 4 _aPrzepływomierz
658 _aInżynieria i technika
700 1 _aJeżowiecka-Kabsch, Krystyna
_eAutor
700 1 _aSzewczyk, Henryk
_c(nauki techniczne)
_eAutor
710 2 _aOficyna Wydawnicza Politechniki Wrocławskiej
_4pbl.
856 _uhttp://koha.tu.koszalin.pl/cgi-bin/koha/opac-detail.pl?biblionumber=44209
_yKatalog online BPK
942 _2UKD
_cKS
999 _c44209
_d44209